000 00963nam0a22002771 4500
001 rc\2261432
005 20250623070805.0
035 _a(NLR Aleph) 006657653
090 _a4860770
_c4860770
100 _a20110829d1978 |||y0rusy50 ca
101 0 _arus
102 _aRU
105 _aa z |||||
200 1 _aМясное скотоводство и овцеводство Калмыкии
_e[Сб. статей]
210 _aЭлиста
_cКалм. кн. изд-во
_d1978
215 _a290 с., 1 л. табл.
_d20
225 1 _aНаучные труды
_fКалм. НИИ мясн. скотоводства
_vВып. 5 (11)
300 _aВ надзаг. также: М-во сел. хоз-ва РСФСР
320 _aБиблиогр. в конце статей
801 0 _aRU
_bNLR
_gpsbo
801 1 _aRU
_bELAR
_2rusmarc
852 _aNLR
_jП13/1018
899 _aRuMoRGB
_jЯ 326/54
899 _aRuMoRGB
_jЯ 326/56
942 _cBOOK
980 _aNB